| 000 | 00750nam a2200253Ia 4500 | ||
|---|---|---|---|
| 001 | Para_2626 | ||
| 003 | CHAP | ||
| 008 | 220125s1999 xx 000 0 und d | ||
| 010 | _a201120 | ||
| 040 | _cCHAP | ||
| 082 | _aPA-C 632.93 M49 | ||
| 245 | _aCaldo bordeles | ||
| 260 |
_a-s.l.- : _b -s.n.- |
||
| 300 | _a1 h. | ||
| 500 | _aEncuadernado con: La propagación de la plaga conocida con el nombre de escama roja / México. Dirección General de Agricultura. | ||
| 650 |
_aSanidad Vegetal _x Colecciones de escritos Mezcla bordeaux _9165984 |
||
| 901 | _aPA-C 632.93 M49 | ||
| 902 | _aA | ||
| 905 | _a000000-19--- -SL 0000000000 00 | ||
| 910 | _a-19- | ||
| 942 | _cPARA | ||
| 942 |
_cPARA _d1 |
||
| 999 |
_c201120 _d201120 |
||